Beyond economic frictions : Diagnosis and prescriptions (outlines)
Gespeichert in:
| Format: | Buch |
|---|---|
| Sprache: | Undetermined |
| Veröffentlicht: |
The Study Group for Trans- Boder Policy and Administratiom
1982
|
| Schlagworte: | |
| Tags: |
Tag hinzufügen
Keine Tags, Fügen Sie den ersten Tag hinzu!
|
| Thư viện lưu trữ: | Trung tâm Học liệu Trường Đại học Cần Thơ |
|---|
| LEADER | 00471nam a2200157Ia 4500 | ||
|---|---|---|---|
| 001 | CTU_96799 | ||
| 008 | 210402s9999 xx 000 0 und d | ||
| 082 | |a 330.2 | ||
| 082 | |b B573 | ||
| 245 | 0 | |a Beyond economic frictions : | |
| 245 | 0 | |b Diagnosis and prescriptions (outlines) | |
| 260 | |b The Study Group for Trans- Boder Policy and Administratiom | ||
| 260 | |c 1982 | ||
| 650 | |a Economics | ||
| 904 | |i M.Loan | ||
| 980 | |a Trung tâm Học liệu Trường Đại học Cần Thơ | ||